Truck carrier partner 2.0.12 tool : quick start guide, 2012 data year - United States version.

Bibliographic Details
Corporate Author: United States. Environmental Protection Agency. Transportation and Climate Division (Author)
Format: Government Document eBook
Language:English
Published: [Washington, D.C.] : United States Environmental Protection Agency, 2013.
Subjects:
Online Access:https://purl.fdlp.gov/GPO/gpo38983

MARC

Tag First Indicator Second Indicator Subfields
LEADER 00000cam a2200000 i 4500
001 in00003339607
005 20211120171436.0
006 m o d f
007 cr mn||||a||||
008 130809s2013 dcua o f000 0 eng c
035 |a (OCoLC)ocn855400821 
040 |a GPO  |b eng  |e rda  |e pn  |c GPO  |d MvI  |d UtOrBLW 
042 |a pcc 
043 |a n-us--- 
049 |a WWW 
074 |a 0484-E (online) 
086 0 |a EP 6.52:T 76/4 
088 |a EPA-420-B-13-001 
110 1 |a United States.  |b Environmental Protection Agency.  |b Transportation and Climate Division,  |e author. 
245 1 0 |a Truck carrier partner 2.0.12 tool :  |b quick start guide, 2012 data year - United States version. 
264 1 |a [Washington, D.C.] :  |b United States Environmental Protection Agency,  |c 2013. 
300 |a 1 online resource (59 pages) :  |b illustrations 
336 |a text  |b txt  |2 rdacontent 
337 |a computer  |b c  |2 rdamedia 
338 |a online resource  |b cr  |2 rdacarrier 
500 |a Title from title screen (viewed on Aug. 9, 2013). 
500 |a "January 2013." 
500 |a "EPA-420-B-13-001." 
610 2 0 |a SmartWay Transport Partnership Program (U.S.) 
650 0 |a Trucks  |z United States  |x Fuel consumption  |x Analysis. 
650 0 |a Trucks  |x Fuel consumption  |x Environmental aspects  |z United States. 
650 0 |a Trucks  |x Environmental aspects  |z United States. 
710 1 |a United States.  |b Environmental Protection Agency,  |e issuing body. 
856 4 0 |u https://purl.fdlp.gov/GPO/gpo38983  |t 0 
999 |a MARS 
999 f f |s 297ccf8c-42b1-3109-bb6e-839d9157c00b  |i 8e5c5cfd-ff49-3682-aeb5-56b66fe3d60a  |t 0 
952 f f |a Texas A&M University  |b College Station  |c Electronic Resources  |d Available Online  |t 0  |e EP 6.52:T 76/4  |h Superintendent of Documents classification 
998 f f |a EP 6.52:T 76/4  |t 0  |l Available Online